| 000 | 00674 a2200205 4500 | ||
|---|---|---|---|
| 020 | _a0321157303 | ||
| 040 |
_aDLC _bDLC |
||
| 082 | 0 | 0 | _a006.78 |
| 100 | 1 | _aTanksley, Neeld | |
| 245 | 1 | 0 |
_aCertified Macromedia Flash MX developer study guide _cNeeld Tanksley, Luke Bayes and John Elstad. |
| 260 |
_aBerkeley, Calif. : _bMacromedia Press, _c2003. |
||
| 300 |
_axxii, 230 p. : _bill. ; _c23 cm. |
||
| 500 | _aIncludes index. | ||
| 650 | 0 |
_aComputer animation _xExaminations |
|
| 650 | 0 |
_aWeb sites _xDesign _xExaminations |
|
| 650 | 0 |
_aElectronic data processing personnel _xCertification. |
|
| 700 | 1 | _aElstad, John. | |
| 700 | 1 | _aBayes, Luke. | |
| 942 |
_cBK _k006.78 TAN _2ddc |
||
| 999 |
_c6908 _d6908 |
||